00335nam a2200133Ia 4500008004100000020001500041041001200056082001100068100001600079245003900095260004400134300000800178650001500186221030s9999 xx 000 0 und d a8131400514 aEnglish a105.23 aK. Mukerjee 0aDirect Marketing - Emerging Trends bICFAI University PressaHyderabadc2005 a182 aManagement